000 00663nam a2200217 i 4500
003 DO-SdBNP
005 20250722151516.0
007 ta
008 250722b2010 dr a|||| |||| 00| 0 spa d
040 _aDO-SdBNP
_bspa
_cBNPHU
_erda
041 _aspa
082 4 _axxx
_222
100 _aBonilla Meléndez, Santiago A.,
_d1961-
_4aut.
_974772
_eautor
245 1 0 _aManual de lengua española II :
_bteoría y prácticas /
_cSantiago A. Bonilla Meléndez
264 _aSanto Domingo :
_bEditora Búho,
_c20--?
336 _atexto
_btxt
_2rdacontent
337 _asin mediación
_bn
_2rdamedia
338 _avolumen
_bnc
_2rdacarrier
910 _aLP
942 _2ddc
_cLBS1
999 _c59615
_d59615